000 00483nam a2200181Ia 4500
001 3552
005 20260306145652.0
008 260306t2018||||xx |||||||||||||| ||spa||
041 _aESP
082 _a289
_bG26 V. 3
100 _aGarreaud Indacochea, Emilio Julio
_eAUT
245 0 _aLas gestas sociales del clero y los consagrados en las tierras del Misti
260 _c2018
300 _a195 páginas :
_c24 cm.
650 _aGEN
654 _aCHU
942 _cLIB
_dJUS
_fJUS
_2ddc
_n
999 _c3552
_d3552